| 000 | 00716nas a2200241 4500 | ||
|---|---|---|---|
| 001 | BR0304831 | ||
| 003 | BR-BrBNA | ||
| 005 | 20231205104058.0 | ||
| 007 | ta | ||
| 008 | 230509b bl.|||p| |||| 00| 00por d | ||
| 040 |
_aBR-BrBNA _bpor _cBiblioteca Nacional de Agricultura |
||
| 041 | _a(En) | ||
| 072 | _aF60 | ||
| 100 | 1 | _aDan, A.M.M.S. | |
| 100 | 1 | _aKaplan, M.A.C. | |
| 245 | 1 | _aInductive substances in fabaceae: phytoalexins or antioxidants? | |
| 650 | _aLEGUMINOSAE | ||
| 650 | _aFITOALEXINA | ||
| 650 | _aANÁLISE QUÍMICA | ||
| 773 | 0 |
_tFloresta e Ambiente (Brazil) _xISSN 1415-0980 _g(Jan-Dec 2002), v. 9(1) p. 105-109 _wBR0304831 |
|
| 909 |
_a202311 _bLúcia _c55 _dLúcia Elande |
||
| 942 |
_2AGRIS _n0 _cANA |
||
| 999 |
_c176238 _d176238 |
||